| 000 | 00575nam a22001695i 4500 | ||
|---|---|---|---|
| 001 | 163285 | ||
| 003 | ES-MaACL | ||
| 005 | 20250703063121.0 | ||
| 008 | 020924s1899 fr |||| | fre d | ||
| 040 |
_aCCPB | B _bspa _cCCPB | B |
||
| 100 | 1 |
_aRenan, Ernest, _d1823-1892 _996168 |
|
| 245 | 1 | 0 |
_aÉtudes sur la politique religieuse du règne de Philippe le Bel / _cpar Ernest Renan. |
| 260 |
_aParis : _bCalmann Lévy, éditeur, _c1899 ( _fImprimerie Chaix) |
||
| 300 |
_a483 p. ; _c23 cm. |
||
| 852 |
_aES-MaACL _jF-10884 _z-- Enc. hol. |
||
| 999 |
_c163285 _d163285 |
||